00973nam a2200277 a 4500001001000000003000900010005001700019007000300036008003600039040003000075082002800105100006900133245012300202260000900325264004100334300002800375336002700403337003300430338002800463490001900491500007400510650002000584650001900604650003200623700004000655000039793DO-SdBPM20251028111109.0ta130722s1968 sp 000 0 spa d aDO-SdBPMbspacBPMSUdrda 4aCu861.5bG633p 19682221 aGómez de Avellaneda y Arteaga, Gertrudis,d1814-1873. eautor 10aPoesías selectas /c Gertrudis Gómez de Avellaneda ; edición y antología a cargo de D. Benito Varela Jácome  b c  aMadrid :bEditorial Bruguera, c1968 a222 páginas ;c21 cm. atextobtxt2rdacontent asin mediaciónbn2rdamedia avolumenbnc2rdacarrier0 aLibro clasico  aIncluye referencias bibliográficas y notas al pie de las páginas  7aPoesía cubana 7aPoetas cubanos 7aAntología poéticazCuba1 aVarela Jácome, Benito, eeditor